header

Heart failure (Record no. 64344)

MARC details
000 -LEADER
fixed length control field 01718nam a22003734a 4500
082 04 - DEWEY DECIMAL CLASSIFICATION NUMBER
Classification number 616.1/290231
100 1# - MAIN ENTRY--AUTHOR NAME
Personal name Nicholson, Christopher,
245 10 - TITLE STATEMENT
Title Heart failure
260 ## - PUBLICATION, DISTRIBUTION, ETC. (IMPRINT)
Place of publication Chichester, West Sussex ;
-- Hoboken, NJ :
Name of publisher John Wiley & Sons,
Year of publication c2007.
300 ## - PHYSICAL DESCRIPTION
Number of Pages xii, 258 p. :
Other physical details ill.
490 1# - SERIES STATEMENT
Series statement Wiley series in nursing
505 0# - FORMATTED CONTENTS NOTE
Formatted contents note Definitions -- Epidemiology -- Causes -- Outcomes -- Physiology -- Clinical assessment -- Investigations -- Treatment exxentials -- Exercise training -- Medicines -- Invasive treatments -- End-stage heart failure -- Policy framework -- Service issues.
650 #0 - SUBJECT ADDED ENTRY--TOPICAL TERM
Topical Term Congestive heart failure
856 40 - ELECTRONIC LOCATION AND ACCESS
Uniform Resource Identifier http://site.ebrary.com/lib/rucke/Doc?id=10297945

No items available.

© 2026 Rongo University
Contact us: librarian | system librarian | Rongo university